kraje które zmieniły bieg histori - Statystyki

Ogólne statystyki
  • Ten quiz został rozwiązany 324 razy
  • Średni wynik to 7 z 8
Statystyki odpowiedzi
podpowiedz kraj % Poprawnych
kraj który zaatakował polske a teraz ukraine rosja
100%
zrzuciła bombe atomowa na hiroszimę usa/stany zjendoczone
97%
prezydent ma na imie Xi Jinping i graniczy z mongolia chiny
95%
jest w sojuszu nato i kiedyś miała wojne z polską niemcy
93%
granczy z polska z i rosją i ma rozmiar 670km i 540km białorus
92%
jest kraiem byłego zzsr i graniczy z polską ukraina
91%
pomga teraz ukraine imiała duzo wojen polska
89%
ma 300 bomb atomowych i 1 bombe jadrowa francja
76%
Nie znaleziono quizów pasujących do podanych kryteriów
Rozkład punktacji
Procent ludzi z każdym wynikiem
Percentyl według liczby udzielonych odpowiedzi
Twoja historia wyników
Nie rozwiązałeś tego quizu